000 00603nam a2200217 u 4500
005 20220528063525.0
008 120925s2010 r 000 0 eng d
020 _a9789687791777
035 _aUPN01000186802
049 _aCG
050 4 _aPQ6702 O8.27
_bE4.3
100 1 _aBosch, Lolita,
_d1970-
_932720
245 1 0 _aM /
_cLolita Bosch.
260 _aMéxico :
_bSM,
_c2010.
300 _a119 p.
440 0 _aGran angular ;
_v50.
_pAlerta roja
650 0 _aLiteratura juvenil española
_912359
650 4 _aVIOLENCIA FAMILIAR EN LA LITERATURA
_921333
905 _aLibro
999 _c158905
_d158905